Подробности
| 000 -МАРКЕР |
| контрольное поле |
02193nam0a2200397 4500 |
| 001 - ИДЕНТИФИКАТОР ЗАПИСИ |
| контрольное поле |
RU\NLR\BIBL_A\022309600 |
| 005 - ИДЕНТИФИКАТОР ВЕРСИИ |
| контрольное поле |
20241022145532.0 |
| 010 ## - МЕЖДУНАРОДНЫЙ СТАНДАРТНЫЙ НОМЕР КНИГИ (ISBN) |
| Номер (ISBN) |
978-5-9704-8228-5 |
| Тираж |
700 |
| 021 ## - НОМЕР ГОСУДАРСТВЕННОЙ РЕГИСТРАЦИИ |
| Код страны |
Российская Федерация |
| Номер |
КН-П-24-041415 |
| Номер Листа государственной регистраци |
КН-П-24-4099 |
| 035 ## - ДРУГИЕ СИСТЕМНЫЕ НОМЕРА |
| Идентификатор записи |
(NLR Aleph) 022309600 |
| 100 ## - ДАННЫЕ ОБЩЕЙ ОБРАБОТКИ |
| Данные общей обработки |
20240829d2024 k y0rusy50 ca |
| 101 0# - ЯЗЫК РЕСУРСА |
| Язык текста, звукозаписи и т.д. |
русский |
| 102 ## - СТРАНА ПУБЛИКАЦИИ ИЛИ ПРОИЗВОДСТВА |
| Страна публикации |
Российская Федерация |
| 105 ## - ПОЛЕ КОДИРОВАННЫХ ДАННЫХ: ТЕКСТОВЫЕ МАТЕРИАЛЫ, МОНОГРАФИЧЕСКИЕ |
| Кодированные данные о монографическом текстовом документе |
ac||z|||000zy |
| 181 #0 - ПОЛЕ КОДИРОВАННЫХ ДАННЫХ: ВИД СОДЕРЖАНИЯ |
| Код вида содержания (ISBD) |
i3 |
| Код характеристики содержания (ISBD) |
axxe |
| 182 #0 - ПОЛЕ КОДИРОВАННЫХ ДАННЫХ: ТИП СРЕДСТВА |
| Код типа средства (ISBD) |
n - непосредственное |
| 200 1# - ЗАГЛАВИЕ И СВЕДЕНИЯ ОБ ОТВЕТСТВЕННОСТИ |
| Основное заглавие |
Респираторная поддержка при критических состояниях в педиатрии и неонатологии |
| Сведения, относящиеся к заглавию |
руководство для врачей |
| Первые сведения об ответственности |
Ю. С. Александрович, К. В. Пшениснов |
| 203 ## - ВИД СОДЕРЖАНИЯ И ТИП СРЕДСТВА |
| Вид содержания |
Текст |
| Дополнительные сведения об издании |
визуальный |
| Тип средства |
непосредственный |
| 205 ## - СВЕДЕНИЯ ОБ ИЗДАНИИ |
| Сведения об издании |
2-е изд., перераб. и доп. |
| 210 ## - ПУБЛИКАЦИЯ, РАСПРОСТРАНЕНИЕ И ДР. |
| Место издания, распространения и т.д. |
Москва |
| Имя издателя, распространителя и т. д. |
ГЭОТАР-Медиа |
| Дата издания, распространения и т.д. |
2024 |
| 215 ## - ФИЗИЧЕСКАЯ ХАРАКТЕРИСТИКА |
| Специфическое обозначение материала и объем |
286, [1] с. |
| Другие сведения о физической характеристике |
ил., портр., табл. |
| Размеры |
21 |
| 225 1# - СЕРИЯ |
| Основное заглавие серии |
Библиотека врача-специалиста |
| Сведения, относящиеся к заглавию |
БВС |
| Наименование части |
Анестезиология-реаниматология |
| -- |
Неонатология |
| 300 ## - ОБЩИЕ ПРИМЕЧАНИЯ |
| Текст примечания |
На обороте тит. с. авт.: Ю. С. Александрович, К. В. Пшениснов - д-ра мед. наук, профессора |
| 320 ## - ПРИМЕЧАНИЯ О НАЛИЧИИ В ДОКУМЕНТЕ БИБЛИОГРАФИИ / УКАЗАТЕЛЯ |
| Текст примечания |
Библиогр.: с. 280-286 |
| 606 1# - НАИМЕНОВАНИЕ ТЕМЫ КАК ПРЕДМЕТ |
| Наименование темы |
Легкие |
| Формальный подзаголовок |
Руководства, пособия и т.п |
| Тематический подзаголовок |
Искусственная вентиляция |
| -- |
Применение в педиатрии |
| Системный номер авторитетной/нормативной записи |
2586482 |
| Идентификатор авторитетной/нормативной записи |
RU\NLR\AUTH\661528759 |
| 606 1# - НАИМЕНОВАНИЕ ТЕМЫ КАК ПРЕДМЕТ |
| Наименование темы |
Лёгкие |
| Формальный подзаголовок |
Руководства, пособия и т.п |
| Тематический подзаголовок |
Искусственная вентиляция |
| -- |
Применение в неонатологии |
| Системный номер авторитетной/нормативной записи |
2432976 |
| Идентификатор авторитетной/нормативной записи |
RU\NLR\AUTH\6601666160 |
| 686 1# - ИНДЕКСЫ ДРУГИХ КЛАССИФИКАЦИЙ |
| Индекс |
Р733-539,2я77 |
| 686 1# - ИНДЕКСЫ ДРУГИХ КЛАССИФИКАЦИЙ |
| Индекс |
Р733.2-539,2я77 |
| 700 #1 - ИМЯ ЛИЦА - ПЕРВИЧНАЯ ОТВЕТСТВЕННОСТЬ |
| Начальный элемент ввода |
Александрович |
| Часть имени, кроме начального элемента ввода |
Ю. С. |
| Даты |
1963- |
| Расширение инициалов личного имени |
Юрий Станиславович |
| 701 #1 - ИМЯ ЛИЦА - АЛЬТЕРНАТИВНАЯ ОТВЕТСТВЕННОСТЬ |
| Начальный элемент ввода |
Пшениснов |
| Часть имени, кроме начального элемента ввода |
К. В. |
| Даты |
1977- |
| Расширение инициалов личного имени |
Константин Викторович |
| 942 ## - ДОПОЛНИТЕЛЬНЫЕ ЭЛЕМЕНТЫ ЗАПИСИ (АБИС) |
| Тип экземпляра АБИС |
Книга |
| 980 ## - КОЛЛЕКЦИЯ |
| Название коллекции |
НБР |
| 980 ## - КОЛЛЕКЦИЯ |
| Название коллекции |
Национальная библиография |